[Event "Baden ch-U14"]
[Site "Karlsruhe"]
[Date "2006.01.05"]
[Round "5.6"]
[White "Waidelich, Dominik"]
[Black "Hettich, Stefan"]
[Result "1-0"]
[WhiteElo "1418"]
[BlackElo "833"]
[PlyCount "47"]
[EventDate "2006.01.02"]
[EventType "swiss"]
[EventRounds "7"]
[EventCountry "GER"]
[SourceTitle "EXT 2007"]
[Source "ChessBase"]
[SourceDate "2006.11.23"]
[SourceVersion "1"]
[SourceVersionDate "2006.11.23"]
[SourceQuality "1"]

1. e4 e5 2. Nf3 Nc6 3. d4 exd4 4. Nxd4 Nxd4 5. Qxd4 Nf6 6. e5 Ng8 7. Bc4 d6 8. 0-0 g6 9. exd6 Nf6 10. Re1+ Be6 11. Bxe6 fxe6 12. Bg5 Bg7 13. Rxe6+ Kf7 14. Re7+ Kf8 15. Bxf6 Qxd6 16. Qxd6 cxd6 17. Rxg7 Re8 18. Nc3 Re6 19. Bd4 Rg8 20. Rxb7 g5 21. Rb8+ Kf7 22. Rxg8 Kxg8 23. Bxa7 d5 24. Kf1 1-0